1499 1970 1227 1363 1178 1456 1450 1538 1068 1437 1328 1641 1532 1194 1702 1332 1026 1585 1252 1045 1528 1741 1674 1709 1634 1862 1179 1867 1470 1324 1811 1374 1958 1091 1907 1640 1638 1413 1659 1054 1268 1256 1418 1159 1183 1061 1139 1831 1394 1306 1058 1736 1327 1008 1271 1280 1979 1989 1659 1286 1631 1836 1783 1867 1588 1478 1119 1343 1362 1433 1414 1174 1249 1791 1310 1751 1425 1712 1253 1385 1753 1488 1076 1318 1181 1072 1464 1989 1410 1622 1857 1662 1960 1489 1954 1055 1737 1578 1374 BCNSPRNW ULIB Ver.6.0+V

เปลี่ยนเป็นภาษาไทย

Change to English
 แสดงรายละเอียดบรรณานุกรม
  กลับหน้าหลัก

Brief Record : Get Marc (ISO 2709) : E-mail record : QR code < ปิดหน้าต่าง
LEADER : 00000nam 2200000uu 4500
001    13399123846
003     ULIB
008    141204s2556||||th 000 0 tha d
020    ^a9786167388557
060 04 ^aWS200^bA497
110 1  ^aวิทยาลัยแพทยศาสตร์พระมงกุฎเกล้า. ^bภาควิชากุมารเวชศาสตร์
245 00 ^aAmbulatory pediatrics :^bguide and clue in management /^cบรรณาธิการ, ประไพพิมพ์ ธีรคุปต์ ... [และคนอื่นๆ]
250    ^aพิมพ์ครั้งที่ 1
260    ^aกรุงเทพฯ :^bภาควิชากุมารเวชศาสตร์ วิทยาลัยแพทยศาสตร์พระมงกุฎเกล้าและกองกุมารเวชกรรม โรงพยาบาลพระมงกุฎเกล้า,^c2556
300    ^axiv, 470 หน้า :^bภาพประกอบ ;^c21 ซม.
650  4 ^aกุมารเวชศาสตร์
650  4 ^aกุมารเวชศาสตร์ฉุกเฉิน
650  4 ^aภาวะฉุกเฉิน^xในวัยทารกและวัยเด็ก
700 0  ^aประไพพิมพ์ ธีรคุปต์,^eบรรณาธิการ
700 0  อารียา เทพชาตรี,^eบรรณาธิการร่วม
700 0  ^aนภอร ภาวิจิตร,^eบรรณาธิการร่วม
700 0  ^aสนิตรา ศิริธางกุล,^eบรรณาธิการร่วม
700 0  ^aอังคณา เก่งสกุล,^eบรรณาธิการร่วม
700 0  ^aแสงแข ชำนาญวนกิจ,^eบรรณาธิการร่วม
710 2  ^aโรงพยาบาลพระมงกุฎเกล้า. ^bกองกุมารเวชกรรม
945    ^p500^l0^i22368
945    ^p500^l0^i22369
945    ^p500^l0^i22370
999    ^aทศพร เกษรทอง
รายการนี้ยังไม่มีแท็ก
คุณยังไม่ได้ล็อกอิน คุณสามารถมีกิจกรรมร่วมกับเว็บไซต์ได้ แต่ต้องล็อกอินก่อน ::
  ล็อกอิน

รายการสื่อสารสนเทศ

ลำดับที่ ประเภท เลขเรียก/บาร์โค้ด สถานที่ สถานะ
1. วิทยาศาสตร์การแพทย์ และสุขภาพ
หนังสือสำรอง
สถานะ=หนังสือสำรอง
WS200 A497 ฉ.1 
  Barcode: 22368
ห้องสมุดวิทยาเขตนครสวรรค์
►หนังสือทั่วไป:l:General Books
บนชั้น
2. วิทยาศาสตร์การแพทย์ และสุขภาพ
วิทยาศาสตร์การแพทย์ และสุขภาพ
WS200 A497 ฉ.2 
  Barcode: 22369
ห้องสมุดวิทยาเขตนครสวรรค์
►หนังสือทั่วไป:l:General Books
บนชั้น
3. วิทยาศาสตร์การแพทย์ และสุขภาพ
วิทยาศาสตร์การแพทย์ และสุขภาพ
WS200 A497 ฉ.3 
  Barcode: 22370
ห้องสมุดวิทยาเขตนครสวรรค์
►หนังสือทั่วไป:l:General Books
บนชั้น

รายการใกล้เคียง
    หัวเรื่อง [กุมารเวชศาสตร์]
    หัวเรื่อง [กุมารเวชศาสตร์ฉุกเฉิน]

BibComment


ยังไม่เคยถูกคอมเมนท์

คอมเมนท์ทรัพยากรรายการนี้
  คอมเมนท์: Ambulatory pedia..


 Copyright 2026. Bcnsprnw @Library